| 000 | 00823nam a22002417a 4500 | ||
|---|---|---|---|
| 999 |
_c12989 _d12989 |
||
| 003 | AR-CdUCM | ||
| 008 | 190410b ||||| |||| 00| 0 spa d | ||
| 040 |
_aMUNICIPALIDAD PROVINCIAL DEL CUSCO _cBIBLIOTECA MUNICIPAL DEL CUSCO |
||
| 041 | _hchi | ||
| 082 |
_a895.1 / _bY21 |
||
| 100 |
_aYan, Ke _931145 |
||
| 245 | _aDibujos de Bu Di / | ||
| 260 |
_aBeijing : _bEdiciones en Lenguas Extranjeras, _c1981. |
||
| 300 |
_bIlustraciones, Dibujos, _c21 cm. |
||
| 500 | _aNo contiene numeración correlativa de paginas. | ||
| 505 | _aContenido: Mi hermanita -- Cuando Pequeños -- Monos -- Pavos reales -- Pececillos dorados -- Lotos ... | ||
| 650 |
_aPoesías _92272 |
||
| 650 |
_aLiteratura China _99978 |
||
| 650 |
_aSiglo XX _98 |
||
| 700 |
_aBu Di (Dibujo) _931146 |
||
| 942 |
_2ddc _cLIBROS |
||
| 945 |
_acmm _d2019-04-10 |
||